000 00609nam a2200193Ia 4500
008 190805s9999||||xx |||||||||||||| ||und||
020 _a9781259062667
_cRs. 650.00
082 0 4 _a620.1
_bEn332
100 1 _aTimoshenko, S.
245 1 0 _aEngineering Mechanics /
_cS. Timoshenko, D. H. Young, J. V. Rao, Sukumar Pati
250 _a5th ed.
260 _aNew Delhi :
_bMcGraw Hill Education India,
_c1956, reprinted 2015
300 _axv, 857 p.
_b : ill.
_c; 22.5 cm.
650 0 _aMechanics, Applied
_vTextbooks
700 1 _aRao, J. V.
700 1 _aYoung, D. H.
942 _cBK
999 _c215
_d215